Literature review: A step-by-step guide for students (Record no. 31410)

MARC details
000 -LEADER
fixed length control field 00521nam a2200181Ia 4500
008 - FIXED-LENGTH DATA ELEMENTS--GENERAL INFORMATION
fixed length control field 230917s9999||||xx |||||||||||||| ||und||
020 ## - ISBN
Price GBP22.99
040 ## - CATALOGING SOURCE
-- 255958
Original cataloging agency VIVEKANANDA LIBRARY
041 ## - Language
-- English
082 ## - DDC NUMBER
Classification number 001.4 R438L(2)
100 ## - MAIN ENTRY--PERSONAL NAME
Personal name Ridley, Diana
245 #0 - TITLE STATEMENT
Title Literature review: A step-by-step guide for students
250 ## - EDITION STATEMENT
Edition statement 2nd ed.
260 ## - PUBLICATION, DISTRIBUTION, ETC. (IMPRINT)
Place of publication, distribution, etc Los Angeles
Name of publisher, distributor, etc Sage
Date of publication, distribution, etc 2012
300 ## - PHYSICAL DESCRIPTION
Pages xi, 214 p.
500 ## - GENERAL NOTE
General note 3479 13/06/2019 HBD19/7853 24/06/2019 Ch. Ranbir Singh Institute of Social and
942 ## - ADDED ENTRY ELEMENTS (KOHA)
Koha item type Books
Holdings
Withdrawn status Lost status Damaged status Not for loan Location (home branch) Sublocation or collection (holding branch) Shelving location Date acquired Koha issues (times borrowed) Koha full call number Accession No. Koha date last seen Koha item type
        VIVEKANANDA LIBRARY VIVEKANANDA LIBRARY Chaudhry Ranbir Singh Inst. of Social and Economic Change 18/07/2019   001.4 R438L(2) 388669 17/09/2023 Books
© Designed and Maintained by Vivekananda Library, MDU Rohtak